| 000 | 00441nam a2200181Ia 4500 | ||
|---|---|---|---|
| 008 | 230516s9999 xx 000 0 und d | ||
| 041 | _aeng | ||
| 082 |
_a615.4 _bCAR |
||
| 100 | _aS.J.CARTER | ||
| 245 | _aCOOPER AND GUNN'S DISPENSING FOR PHARMACEUTICAL STUDENTS | ||
| 250 | _a12TH | ||
| 260 |
_aDELHI _bC.B.S. PUBLISHERS & DISTRUTORS |
||
| 300 | _a759 | ||
| 365 | _h20 | ||
| 500 | _aPB | ||
| 520 | _aPH | ||
| 650 | _aPHARMACEUTICS | ||
| 999 |
_c362706 _d362706 |
||